Culture Générale - Série 2702 - Statistiques

Statistiques générales
  • Ce quiz a été pris 74 fois
  • Le résultat moyen est 4 sur 10
Statistiques - réponses
Question Réponse % Correct
Dans quel club britannique évoluent les footballeurs surnommés "Les Reds" ? Liverpool
69%
Quel est le seul pays du monde dont la capitale commence par la lettre "Z" ? Croatie
65%
De quel pays Nouakchott est-elle la capitale ? Mauritanie
60%
Quelle est la capitale de l'État américain de Californie ? Sacramento
49%
Quel pays avait comme monnaie le "sucre" jusqu'en 2000, en hommage au général Sucre, libérateur du pays au cours du XIXe siècle ? Equateur
45%
Quel pays est considéré comme la perle des Antilles ? Haïti
34%
Comment appelle-t-on l'alliage cuivre et zinc ? laiton
32%
Quel adjectif qualifie un mélange d'eau douce et d'eau salée ? - 8 lettres commençant par "s" saumâtre
25%
Quel arbre est également appelé "coudrier" ? noisetier
20%
Comment se nomme le colonel ennemi juré de Francis Blake dans la BD Blake et Mortimer ? voir photo Olrik
18%
Aucun quiz correspondant
Distribution des résultats
% des personnes avec chaque résultat
Percentile par nombre de réponses
Votre historique - résultats
Vous n’avez pas pris ce quiz